| 000 | 01126naa a22003137a 4500 | ||
|---|---|---|---|
| 001 | BR8901552 | ||
| 003 | BR-BrBNA | ||
| 005 | 20240918180438.0 | ||
| 007 | ta | ||
| 008 | 230509b bl.||||| |||| 00| 0 por d | ||
| 040 |
_aBR-BrBNA _bpor _cBiblioteca Nacional de Agricultura |
||
| 041 | _a(Pt) | ||
| 072 |
_aF62; H60 _b0430 _bG514 |
||
| 090 | _aF62 BR8901552 | ||
| 100 | 1 | _aKlein, A. | |
| 100 | 1 | _aFelippe, G.M. | |
| 111 | 1 |
_a5. Congresso da Sociedade Botanica de Sao Paulo _cSao Paulo, SP (Brazil) _d23-27 Sep 1985 |
|
| 245 | 1 | _aCrescimento da parte aerea de Gossypium hirsutum e plantas invasoras de uma cultura | |
| 260 | 3 |
_aSao Paulo, SP (Brasil): _c1985. |
|
| 500 | _aAnais do 5. Congresso da Sociedade Botanica de Sao Paulo Sao Paulo, SP (Brasil): 1985. p. 35-42 (BR8901552-AM)F62 | ||
| 650 | _aALGODAO | ||
| 650 | _aCRESCIMENTO | ||
| 650 | _aRADIACAO LUMINOSA | ||
| 650 | _aERVA DANINHA | ||
| 650 | _aCAMPINAS | ||
| 773 | 0 |
_tAnais do 5. Congresso da Sociedade Botanica de Sao Paulo _wF62 BR8901552 _gSao Paulo, SP (Brasil), 1985. p. 35-42 |
|
| 909 |
_a202404 _bLucia _c55 _dLucia Elande |
||
| 942 |
_cAM _2AGRIS |
||
| 999 |
_c320408 _d320408 |
||